| 000 | 01158nac a22002531u 4500 | ||
|---|---|---|---|
| 010 | _a 99043684 | ||
| 020 | _a0821811843 (alk. paper) | ||
| 035 | _a(DLC) 99043684 | ||
| 082 | 0 | 0 | _a005.42 |
| 090 |
_c4406 _d4406 |
||
| 100 | _a20080729 | ||
| 111 | 2 |
_aDIMACS Workshop External Memory and Visualization _d(1998 : _cRutgers University) |
|
| 245 | 1 | 0 |
_aExternal memory algorithms : _bDIMACS Workshop External Memory and Visualization, May 20-22, 1998 / _cJames M. Abello, Jeffrey Scott Vitter, editors. |
| 260 |
_aProvidence, RI : _bAmerican Mathematical Society, _cc1999. |
||
| 300 |
_axi, 306 p. : _bill. ; _c26 cm. |
||
| 440 | 0 |
_aDIMACS series in discrete mathematics and theoretical computer science ; _vv. 50 |
|
| 504 | _aIncludes bibliographical references and indexes. | ||
| 650 | 0 |
_aComputer algorithms _vCongresses. |
|
| 650 | 0 |
_aMemory management (Computer science) _vCongresses. |
|
| 700 | 1 | _aAbello, James M. | |
| 700 | 1 |
_aVitter, Jeffrey Scott, _d1955- |
|
| 942 |
_cBB _k005.42 |
||
| 999 |
_c4406 _d4406 |
||